000 00323nam a2200133Ia 4500
008 240624s9999 xx 000 0 und d
041 _aeng
082 _a658.4052 KEN
100 _aKENNEDY GAVIN
245 _aESSENTIAL NEGOTIATION
260 _c2004
_aLondon
_bThe Economist
300 _avi, : 234 : cm. ; 21
365 _cRS
999 _c2143
_d2143